000 01097nam a2200337 i 4500
001 7471
003 ES-MaACL
005 20250818063032.0
007 t|
008 910122s1987 sp ||||1| spa d
017 _aM 27839-1987
_bOficina Depósito Legal Madrid
020 _a8470460544
040 _cES-MaACL
080 _a41.01
080 _a41.01:92 Saussure
080 _a41.01:92 Chomsky
100 1 _aVelilla Barquero, Ricardo
_9113842
_eaut
245 1 0 _aSaussure y Chomsky :
_bintroducción a su lingüística /
_cRicardo Velilla Barquero.
250 _aQuinta reimpresión
260 _aMadrid :
_bCincel,
_cD.L. 1987.
300 _a118 páginas ;
_c17 cm.
490 1 _aDidaxis. Cuadernos de Filologia
600 1 4 _aSaussure, Ferdinand de,
_9104017
_d1857-1913
600 1 4 _aChomsky, Noam,
_d1928-
_938607
650 4 _914463
_aLingüística
852 _aES-MaACL
_jL-14805
_bR.118818
_97683
_cDEPO2
_xEncuadernación rústica
942 _cMONOGRAFIA
_n0
999 _c7471
_d7471